Formiga amiga (Record no. 49652)

MARC details
000 -LÍDER
campo de controle de tamanho fixo 00369 a2200169 4500
001 - NÚMERO DE CONTROLE
campo de controle 49652
020 ## - ISBN - INTERNATIONAL STANDARD BOOK NUMBER
ISBN - International Standard Book Number 8516042774
040 ## - FONTE DA CATALOGAÇÃO
Instituição que transcreveu o registro Anchieta - Bela Vista
100 ## - ENTRADA PRINCIPAL--NOME PESSOAL
Nome pessoal Queirós, Bartolemeu Campos de
240 10 - TÍTULO UNIFORME
Título uniforme Formiga amiga
Idioma da obra por
245 10 - TÍTULO
Título Formiga amiga
300 ## - DESCRIÇÃO FÍSICA
Extensão 31
362 0# - DATAS DE PUBLICAÇÃO E/OU DESIGNAÇÃO SEQUENCIAL
Datas de publicação e/ou designação sequencial 2004
440 #1 - DECLARAÇÃO DE SÉRIE/ENTRADA ADICIONADA--TÍTULO
Título Moderna
650 #4 - ASSUNTO--TERMO TÓPICO
Cabeçalho tópico ou nome geográfico Literatura infantil
942 ## - ELEMENTOS DE ENTRADA ADICIONADOS (KOHA)
Tipo de material Koha Livros
Holdings
Situação do descarte Situação das perdas Situação física Não pode ser emprestado Biblioteca de origem Biblioteca atual Data de aquisição Total de empréstimos Número de chamada completo Código de barras Data de último acesso Data do preço efetivo Tipo de material Koha Data do último empréstimo
        Colégio Anchieta - Bela Vista Colégio Anchieta - Bela Vista 21/11/2023   LI 028.5 Q3f QUE FOR 2617/BEL 21/11/2023 21/11/2023 Livros  
        Colégio Anchieta - Bela Vista Colégio Anchieta - Bela Vista 21/11/2023 1 LI 028.5 Q3f QUE FOR 2618/BEL 29/11/2023 21/11/2023 Livros 21/11/2023